| 000 | 00487nam a2200169 i 4500 | ||
|---|---|---|---|
| 001 | 57198 | ||
| 003 | ES-MaACL | ||
| 005 | 20230906163531.0 | ||
| 007 | t| | ||
| 008 | 031015s1968 sp ||||1| eng d | ||
| 100 | 1 |
_aDonovan, Margaret. _945347 |
|
| 245 | 1 | 0 |
_aSpain in your pocket _b: a travella drawings by Mingote / _cPeggy Donovan. |
| 250 | _a[3nd ed.]. | ||
| 260 |
_a[Madrid : _bTaurus, _c1968] |
||
| 300 |
_a237 p. : _bil., map. ; _c18 cm. |
||
| 852 |
_aES-MaACL _jC-36258 _bR.66588 |
||
| 999 |
_c57198 _d57198 |
||